Kontrola realizace pásem hygienické ochrany vodních zdrojů

Bibliographic Details
Main Author: David, Luboš (Author)
Format: Article
Language:Czech

MARC

LEADER 00000nab a2200000uu 4500
001 vtls011146643
003 SK-MaSNL
005 20260303111916.0
008 230121|1972 xo |||||||||||||||||cze|
015 |a SNBRB 
035 |a (urnnbn)urn:nbn:sk:snk:ar-a09sls 
035 |a (uuid)d3102f95-d1ee-4c50-bf92-aa6a38d13cda 
035 |a urn:nbn:sk:snk-abax5w 
040 |a SNKBUCL  |b slo  |c SNKBUCL  |e AACR2 
041 0 |a cze 
044 |a xo  |c SK 
100 1 |a David, Luboš  |4 aut  |9 1123564 
245 1 0 |a Kontrola realizace pásem hygienické ochrany vodních zdrojů  |c Luboš David 
773 0 |t Vodohospodársky spravodajca  |g Roč. 15, č. 12 (1972), s. [637]-640 
958 |a OND 
958 |a EUIPO 
958 |a article14 
999 |c 1880324  |d 1882254